Statistics for Top 12 Indiana Pacers Players

Click here to take the quiz!

General Stats

  • This quiz has been taken 27 times
  • The average score is 5 of 12

Answer Stats

Rank Player Win Share % Correct
11Paul George44.5
100%
1Reggie Miller174.4
91%
8Danny Granger47.6
61%
10Jermaine O'Neal46.5
61%
4Rik Smits56.6
57%
3Dale Davis58.4
35%
2Roger Brown63.5
17%
7Vern Fleming50.4
13%
9Jeff Foster47.5
13%
12Freddie Lewis43.2
13%
5Mel Daniels53.4
9%
6Billy Knight53.4
9%

Score Distribution

Percentile by Number Answered

Percent of People with Each Score

Your Score History

You have not taken this quiz